[Event "BL 1617 OSG Baden Baden - SK König Teg"]
[Site "?"]
[Date "2017.04.08"]
[Round "11.5"]
[White "Muse, Mladen"]
[Black "Naiditsch, Arkadij"]
[Result "0-1"]
[WhiteElo "2385"]
[BlackElo "2702"]
[PlyCount "46"]
[EventDate "2017.??.??"]

1. Nf3 Nf6 2. g3 g6 3. b3 d5 4. Bb2 c5 5. Bxf6 exf6 6. c4 d4 7. Bg2 Nc6 8. O-O
Bg7 9. Ne1 h5 10. Nd3 h4 11. Na3 Kf8 12. Nc2 Qd6 13. b4 cxb4 14. c5 Qe7 15.
Ncxb4 Nxb4 16. Nxb4 hxg3 17. fxg3 Qxc5 18. Nd5 Bg4 19. Rc1 Qd6 20. Qb3 Rb8 21.
Rc7 Be6 22. Rxb7 Rd8 23. Rb5 Rh5 0-1

[Event "BL 1617 OSG Baden Baden - SK König Teg"]
[Site "?"]
[Date "2017.04.08"]
[Round "11.6"]
[White "Movsesian, Sergei"]
[Black "Bruedigam, Martin"]
[Result "1/2-1/2"]
[WhiteElo "2677"]
[BlackElo "2403"]
[PlyCount "119"]
[EventDate "2017.??.??"]

1. e4 e5 2. Nf3 Nc6 3. Bb5 a6 4. Ba4 Nf6 5. O-O Be7 6. d3 b5 7. Bb3 d6 8. a3
Na5 9. Ba2 O-O 10. Nc3 Be6 11. Nd5 c5 12. b4 Nc6 13. Bg5 cxb4 14. Bxf6 Bxf6 15.
axb4 Ra7 16. c3 Bg5 17. Nxg5 Qxg5 18. f4 exf4 19. Nxf4 Bxa2 20. Rxa2 a5 21.
bxa5 b4 22. Nd5 bxc3 23. a6 Nb4 24. h4 Qd8 25. Nxb4 Qb6+ 26. d4 Qxb4 27. Qd3 d5
28. e5 Qb6 29. Rc1 Rc7 30. Kh2 Rfc8 31. Rb1 Qa7 32. h5 h6 33. Qf5 Rb8 34. Rxb8+
Qxb8 35. Qc2 Qa7 36. Ra4 Qb6 37. Qf5 Qa7 38. e6 fxe6 39. Qxe6+ Kh8 40. Qe8+ Kh7
41. Ra2 c2 42. Rxc2 Rxc2 43. Qg6+ Kh8 44. Qxc2 Qxa6 45. Qf5 Qc4 46. Qe5 Qb3 47.
Qf4 Kg8 48. g3 Qd1 49. Qb8+ Kh7 50. Qe5 Qf3 51. Kh3 Kg8 52. Kh4 Kf7 53. Qc7+
Kf6 54. Qd6+ Kf7 55. Qg6+ Kf8 56. Qd6+ Kf7 57. Qc7+ Kf6 58. Qe5+ Kf7 59. Kh3
Kg8 60. Qe8+ 1/2-1/2

[Event "BL 1617 OSG Baden Baden - SK König Teg"]
[Site "?"]
[Date "2017.04.08"]
[Round "11.7"]
[White "Fruebing, Stefan"]
[Black "Meier, Georg"]
[Result "0-1"]
[WhiteElo "2392"]
[BlackElo "2621"]
[PlyCount "112"]
[EventDate "2017.??.??"]

1. e4 e6 2. d4 d5 3. Nd2 c5 4. exd5 Qxd5 5. Ngf3 cxd4 6. Bc4 Qd7 7. O-O Nc6 8.
Nb3 Nf6 9. Nbxd4 Nxd4 10. Nxd4 a6 11. Re1 b5 12. Bb3 Bb7 13. Bg5 Ne4 14. Bh4 g5
15. Bg3 Bg7 16. c3 h5 17. f3 h4 18. Bxh4 Rxh4 19. fxe4 Rxe4 20. Rxe4 Bxe4 21.
Qd2 Rd8 22. Rd1 Qe7 23. Qe2 Bb7 24. Qh5 Be4 25. Qe2 Bd5 26. Bxd5 Rxd5 27. a4
Qc5 28. axb5 axb5 29. Kh1 b4 30. h3 bxc3 31. bxc3 Qxc3 32. Nf3 Rxd1+ 33. Qxd1
Bf6 34. Qa4+ Kf8 35. Qe4 Qc5 36. Kh2 Be7 37. Qe2 Bd6+ 38. g3 Ke7 39. Qd2 f6 40.
Qe2 Bc7 41. Kg2 Bb6 42. Qd2 Qc4 43. Qb2 Be3 44. Qb7+ Kf8 45. Qb8+ Kg7 46. Qb7+
Kh6 47. Qb2 e5 48. g4 Kg6 49. Ne1 Qd5+ 50. Nf3 e4 51. Qc2 Kg7 52. Ne1 Bb6 53.
Qe2 Qd4 54. Qf1 Qd2+ 55. Kh1 Bc7 56. Ng2 Qd6 0-1

[Event "BL 1617 OSG Baden Baden - SK König Teg"]
[Site "?"]
[Date "2017.04.08"]
[Round "11.8"]
[White "Nielsen, Peter Heine"]
[Black "Sarbok, Torsten"]
[Result "1-0"]
[WhiteElo "2639"]
[BlackElo "2304"]
[PlyCount "85"]
[EventDate "2017.??.??"]

1. d4 d5 2. c4 dxc4 3. e4 Nf6 4. e5 Nd5 5. Bxc4 Nb6 6. Bd3 Nc6 7. Be3 Be6 8.
Nc3 Bd5 9. Nxd5 Qxd5 10. Nf3 Nb4 11. Bb1 Qd7 12. O-O e6 13. Qe2 Be7 14. a3 N4d5
15. Bd2 h6 16. Bd3 c6 17. Rac1 Nc7 18. Rfd1 Nbd5 19. b4 a6 20. Rb1 Nb5 21. Rb3
Nb6 22. Be1 g5 23. h3 h5 24. Be4 O-O-O 25. Rbd3 Nd5 26. Bd2 Rdg8 27. Nh2 f5 28.
exf6 Bxf6 29. Nf3 g4 30. Ne5 Qe8 31. Rc1 Nxd4 32. Rxd4 Bxe5 33. Rd3 Bd6 34. a4
gxh3 35. b5 axb5 36. axb5 hxg2 37. bxc6 bxc6 38. Rb3 Qd7 39. Bxd5 exd5 40. Qa6+
Kd8 41. Rb7 Qc8 42. Ba5+ Ke8 43. Qe2+ 1-0

[Event "BL 1617 Schwäbisch Hall - Werder Breme"]
[Site "?"]
[Date "2017.04.09"]
[Round "12.1"]
[White "Fressinet, Laurent"]
[Black "Inarkiev, Ernesto"]
[Result "0-1"]
[WhiteElo "2665"]
[BlackElo "2727"]
[PlyCount "76"]
[EventDate "2017.??.??"]

1. e4 e5 2. Nf3 Nc6 3. Bc4 Bc5 4. O-O Nf6 5. d3 h6 6. c3 d6 7. a4 a6 8. Re1 O-O
9. b4 Ba7 10. Nbd2 Ne7 11. d4 Ng6 12. h3 exd4 13. cxd4 d5 14. exd5 Nxd5 15. b5
axb5 16. axb5 Be6 17. Ne4 Ndf4 18. Bxe6 Nxe6 19. Be3 Nef4 20. Bxf4 Nxf4 21. Qd2
Ne6 22. d5 Nc5 23. Qc2 Nxe4 24. Qxe4 Qf6 25. Ra2 Bb6 26. Rc2 Ra1 27. Rxa1 Qxa1+
28. Kh2 Qf1 29. d6 cxd6 30. Qxb7 Bc5 31. Ra2 g6 32. Qc6 Kg7 33. Rb2 Rb8 34. Qd7
Qc1 35. Re2 Qf4+ 36. Kg1 Ra8 37. Qe7 Ra3 38. Nh2 Ra1+ 0-1

[Event "BL 1617 Schwäbisch Hall - Werder Breme"]
[Site "?"]
[Date "2017.04.09"]
[Round "12.2"]
[White "Gharamian, Tigran"]
[Black "Bluebaum, Matthias"]
[Result "1/2-1/2"]
[WhiteElo "2625"]
[BlackElo "2634"]
[PlyCount "55"]
[EventDate "2017.??.??"]

1. e4 e6 2. d4 d5 3. Nd2 c5 4. Ngf3 cxd4 5. Nxd4 Nf6 6. exd5 Nxd5 7. Ne4 a6 8.
Bc4 Be7 9. O-O O-O 10. Bb3 Nf6 11. Ng5 Bd7 12. Bf4 Nc6 13. Ngf3 Qb6 14. c3 Rad8
15. Qe2 Nxd4 16. Nxd4 Bd6 17. Bxd6 Qxd6 18. Rad1 Qc7 19. Rfe1 Rfe8 20. h3 h6
21. Qe3 Bc6 22. Nxc6 Qxc6 23. Rd4 Rxd4 24. Qxd4 Re7 25. Qd8+ Re8 26. Qd4 Re7
27. Qd8+ Re8 28. Qd4 1/2-1/2

[Event "BL 1617 Schwäbisch Hall - Werder Breme"]
[Site "?"]
[Date "2017.04.09"]
[Round "12.3"]
[White "Efimenko, Zahar"]
[Black "Cornette, Matthieu"]
[Result "1/2-1/2"]
[WhiteElo "2650"]
[BlackElo "2590"]
[PlyCount "77"]
[EventDate "2017.??.??"]

1. Nf3 d5 2. g3 Nf6 3. Bg2 c5 4. O-O Nc6 5. d4 cxd4 6. Nxd4 e5 7. Nxc6 bxc6 8.
c4 Be6 9. Bg5 Rc8 10. Qa4 Qd7 11. Bxf6 gxf6 12. e3 d4 13. exd4 exd4 14. Nd2 c5
15. Qa3 Be7 16. Qd3 h5 17. Nf3 Rb8 18. b3 Kf8 19. Rfe1 a5 20. Re2 a4 21. Rae1
Bd8 22. Nh4 Ba5 23. Rd1 Bg4 24. Bf3 Rh6 25. Bxg4 hxg4 26. f3 axb3 27. axb3 Rh5
28. Rf1 Bc7 29. Ref2 Be5 30. fxg4 Qxg4 31. Nf5 Ra8 32. Qf3 Qxf3 33. Rxf3 Ra3
34. Rd3 Kg8 35. h4 Rh8 36. Kg2 Kh7 37. Kf3 Re8 38. Re1 Re6 39. h5 1/2-1/2

[Event "BL 1617 Schwäbisch Hall - Werder Breme"]
[Site "?"]
[Date "2017.04.09"]
[Round "12.4"]
[White "Le Roux, Jean-Pierre"]
[Black "Hracek, Zbynek"]
[Result "1/2-1/2"]
[WhiteElo "2542"]
[BlackElo "2610"]
[PlyCount "176"]
[EventDate "2017.??.??"]

1. Nf3 d5 2. g3 Bg4 3. Bg2 Nd7 4. O-O c6 5. d3 e5 6. h3 Bh5 7. Qe1 Ngf6 8. e4
dxe4 9. dxe4 Be7 10. Nbd2 O-O 11. Nc4 Bxf3 12. Bxf3 b5 13. Ne3 g6 14. Qe2 h5
15. Rd1 Qc7 16. h4 Nc5 17. Ng2 Rfd8 18. Bg5 Ne6 19. Bxf6 Bxf6 20. c3 Rxd1+ 21.
Qxd1 Rd8 22. Qc2 Be7 23. Ne1 Bc5 24. Nd3 Bb6 25. Rd1 c5 26. a4 a6 27. axb5 axb5
28. Kg2 Kg7 29. Qe2 Ba5 30. Ne1 Rxd1 31. Qxd1 b4 32. Qc1 bxc3 33. bxc3 c4 34.
Qe3 Qb7 35. Be2 Qb3 36. Nf3 Bxc3 37. Qc1 Nc5 38. Qf1 Nxe4 39. Bxc4 Qb2 40. Bxf7
Nxf2 41. Qxf2 Qxf2+ 42. Kxf2 Kxf7 43. Ng5+ Ke7 44. Kf3 Bd2 45. Ne4 Bc1 46. Nf2
Ke6 47. Ke4 Bb2 48. Nh3 Bd4 49. Ng5+ Kf6 50. Kf3 Kf5 51. Ne4 Bb6 52. Ng5 Bd8
53. Ne4 Ke6 54. Nc3 Ba5 55. Ne4 Kd5 56. Ke3 Bb6+ 57. Kd3 Ba7 58. Nc3+ Ke6 59.
Ke2 Bb6 60. Ne4 Kd5 61. Kd3 Ba5 62. Ke3 Be1 63. Kd3 Bb4 64. Ng5 Ba3 65. Ne4 Bc1
66. Nc3+ Ke6 67. Ke2 Bh6 68. Kf3 Bd2 69. Ne4 Be1 70. Ke3 Ba5 71. Ng5+ Kd5 72.
Ne4 Bb6+ 73. Kd3 Bd4 74. Ng5 e4+ 75. Nxe4 Ke5 76. Ng5 Bf2 77. Nf7+ Kf6 78. Nh8
Kg7 79. Nxg6 Kxg6 80. Ke4 Bb6 81. Kf4 Bc7+ 82. Ke4 Bb8 83. Kf3 Kf5 84. Kg2 Kg4
85. Kh2 Bc7 86. Kg2 Bb6 87. Kh2 Kf3 88. Kh1 Kxg3 1/2-1/2

[Event "BL 1617 Schwäbisch Hall - Werder Breme"]
[Site "?"]
[Date "2017.04.09"]
[Round "12.5"]
[White "Babula, Vlastimil"]
[Black "Wirig, Anthony"]
[Result "1-0"]
[WhiteElo "2559"]
[BlackElo "2483"]
[PlyCount "63"]
[EventDate "2017.??.??"]

1. d4 d5 2. c4 c6 3. Nf3 Nf6 4. Nc3 dxc4 5. a4 Na6 6. e4 Bg4 7. Bxc4 Bxf3 8.
gxf3 e6 9. O-O Nb4 10. Kh1 a5 11. Rg1 g6 12. f4 Bh6 13. Be3 Nh5 14. f5 Bxe3 15.
fxe3 exf5 16. exf5 Qe7 17. Qg4 Nf6 18. Qh3 Ne4 19. Raf1 Nd6 20. fxg6 fxg6 21.
Rxg6 Kd8 22. Re6 Qd7 23. Qh4+ Kc8 24. Qf6 Nxc4 25. Qxh8+ Kc7 26. Qxa8 Qxe6 27.
b3 Nxe3 28. Qxa5+ Kd7 29. Rf8 Qe7 30. Rb8 Qf6 31. Rxb7+ Ke6 32. Qe5+ 1-0

[Event "BL 1617 Schwäbisch Hall - Werder Breme"]
[Site "?"]
[Date "2017.04.09"]
[Round "12.6"]
[White "Womacka, Mathias"]
[Black "Werle, Jan"]
[Result "1/2-1/2"]
[WhiteElo "2428"]
[BlackElo "2522"]
[PlyCount "149"]
[EventDate "2017.??.??"]

1. e4 e6 2. d4 d5 3. Nd2 Be7 4. Ngf3 Nf6 5. e5 Nfd7 6. Bd3 c5 7. c3 Nc6 8. O-O
g5 9. dxc5 g4 10. Nd4 Ndxe5 11. Bb5 Bd7 12. N2b3 h5 13. Re1 Nxd4 14. Qxd4 f6
15. c4 Bxb5 16. cxb5 Kf7 17. Bd2 a6 18. bxa6 Rxa6 19. a4 Nc6 20. Qd3 e5 21.
Red1 Qd7 22. Nc1 Bxc5 23. b4 Nxb4 24. Bxb4 Bxb4 25. Qb3 Be7 26. Rxd5 Qe6 27.
Qxb7 Rb8 28. Qxb8 Qxd5 29. Ne2 Rxa4 30. Rf1 Ra8 31. Qb1 Rh8 32. Rd1 Qe6 33. Ng3
h4 34. Nf5 h3 35. Nxe7 Qxe7 36. Qf5 Rd8 37. Qh5+ Kg7 38. Qxg4+ Kf8 39. Rxd8+
Qxd8 40. g3 Qd3 41. Qxh3 Qd1+ 42. Qf1 Qf3 43. Qe1 Kg7 44. h4 Kg6 45. Qe3 Qd5
46. Kh2 Qc4 47. Qf3 Qc2 48. Kg2 Qb1 49. g4 Qc2 50. Qe3 Qc6+ 51. f3 Qc2+ 52. Kg3
Kf7 53. g5 fxg5 54. hxg5 Qc7 55. Qe4 Kg7 56. Kh4 Qd6 57. Kh5 Qe6 58. Qb7+ Kg8
59. Kh4 Qd6 60. Qc8+ Kg7 61. Qe8 Qd4+ 62. Kh5 Qd6 63. Qc8 Qg6+ 64. Kg4 Qf7 65.
Qf5 Qe7 66. Qe4 Qd7+ 67. Qf5 Qd4+ 68. Kh5 Qd6 69. g6 Qd5 70. Kg4 Qd4+ 71. Kh3
Qf4 72. Qxf4 exf4 73. Kh4 Kxg6 74. Kg4 Kf7 75. Kxf4 1/2-1/2

[Event "BL 1617 Schwäbisch Hall - Werder Breme"]
[Site "?"]
[Date "2017.04.09"]
[Round "12.7"]
[White "Smerdon, David"]
[Black "Zeller, Frank"]
[Result "1-0"]
[WhiteElo "2533"]
[BlackElo "2390"]
[PlyCount "109"]
[EventDate "2017.??.??"]

1. e4 c6 2. Nc3 d5 3. Qf3 dxe4 4. Nxe4 Nf6 5. Nxf6+ exf6 6. Bc4 Bd6 7. d4 O-O
8. Ne2 c5 9. dxc5 Qa5+ 10. Qc3 Qxc3+ 11. Nxc3 Bxc5 12. Nd5 Nc6 13. Be3 Bd6 14.
O-O-O Rd8 15. Rd2 Be6 16. Rhd1 Bf8 17. Bb3 Rdc8 18. Nf4 Bxb3 19. axb3 Ne5 20.
Nd5 Rc6 21. Nc3 Rcc8 22. f4 Nc6 23. Rd7 b6 24. Nb5 h5 25. c3 f5 26. Kc2 g6 27.
Nd6 Bxd6 28. R1xd6 Rd8 29. b4 Kf8 30. b5 Rxd7 31. Rxd7 Nd8 32. Rd1 Rc8 33. Bd4
Ne6 34. Be5 Ke7 35. Bd6+ Ke8 36. Ra1 Ra8 37. c4 Kd7 38. Rd1 Kc8 39. Be5 a6 40.
bxa6 Rxa6 41. Rd6 h4 42. b4 Ra2+ 43. Kb3 Rxg2 44. Rxb6 Rxh2 45. c5 Re2 46. Rb8+
Kd7 47. Rb7+ Ke8 48. Bf6 Re3+ 49. Ka4 Re2 50. c6 Ra2+ 51. Kb5 Ra8 52. Bxh4 Rc8
53. Kb6 Nxf4 54. Re7+ Kf8 55. Kb7 1-0

[Event "BL 1617 Schwäbisch Hall - Werder Breme"]
[Site "?"]
[Date "2017.04.09"]
[Round "12.8"]
[White "Raykhman, Alexander"]
[Black "Koop, Thorben"]
[Result "1/2-1/2"]
[WhiteElo "2403"]
[BlackElo "2398"]
[PlyCount "57"]
[EventDate "2017.??.??"]

1. d4 Nf6 2. c4 g6 3. Nf3 Bg7 4. e3 O-O 5. Be2 d6 6. Nc3 Nbd7 7. O-O e5 8. b4
exd4 9. exd4 a5 10. b5 Nb6 11. a4 Re8 12. Qb3 Bf5 13. Be3 h6 14. Rad1 Qe7 15.
Rfe1 Kh7 16. h3 Qf8 17. Nd2 Rad8 18. Bf3 Bc8 19. Qc2 Bf5 20. Qa2 Bc8 21. Rc1
Qh8 22. Ne2 Nbd7 23. Nb3 b6 24. Qc2 Nf8 25. Ng3 Ne6 26. h4 h5 27. Re2 Kg8 28.
Rce1 Bd7 29. d5 1/2-1/2

[Event "BL 1617 USV TU Dresden - Hamburger SK"]
[Site "?"]
[Date "2017.04.09"]
[Round "12.2"]
[White "Nisipeanu, Liviu-Dieter"]
[Black "Grandelius, Nils"]
[Result "1-0"]
[WhiteElo "2684"]
[BlackElo "2641"]
[PlyCount "183"]
[EventDate "2017.??.??"]

1. Nf3 d5 2. d4 Nf6 3. c4 e6 4. g3 Bb4+ 5. Bd2 Bd6 6. Nc3 O-O 7. Qc2 Nc6 8. Bg2
dxc4 9. O-O e5 10. dxe5 Nxe5 11. Rfd1 Nxf3+ 12. Bxf3 Qe8 13. Ne4 Nxe4 14. Bxe4
h6 15. Qxc4 Be6 16. Qd4 Qc8 17. Bc3 f6 18. Bb4 Rd8 19. Bxd6 Rxd6 20. Qc3 Rxd1+
21. Rxd1 c6 22. Bc2 Kh8 23. Rd6 Qe8 24. Qd3 Bg8 25. Rd7 Rb8 26. e3 Qe5 27. b4
f5 28. Bb3 Bxb3 29. Qxb3 c5 30. bxc5 Qxc5 31. Qb2 Qf8 32. Rxb7 Rxb7 33. Qxb7
Qc5 34. a4 Kh7 35. h4 a5 36. Qd7 Qe5 37. Qd4 Qe8 38. Qc4 Qd7 39. Qc2 Kh8 40.
Qc4 Kh7 41. Qc2 Kh8 42. Kf1 Qd5 43. Ke2 Kg8 44. Qc8+ Kh7 45. g4 Qa2+ 46. Kf3
Qxa4 47. Qxf5+ Kg8 48. Qd5+ Kf8 49. g5 hxg5 50. hxg5 Qa1 51. Kf4 a4 52. Kf5 g6+
53. Ke6 a3 54. Qd8+ Kg7 55. Qe7+ Kg8 56. Qf7+ Kh8 57. Qf6+ Qxf6+ 58. gxf6 a2
59. f7 Kg7 60. Ke7 a1=Q 61. f8=Q+ Kh7 62. Qf7+ Kh6 63. Qf4+ Kh7 64. Qh4+ Kg8
65. Qc4+ Kh7 66. Ke6 Qa8 67. Qc7+ Kh6 68. Qf4+ Kh7 69. Qc7+ Kh6 70. f4 Qa2+ 71.
Kf6 Qa6+ 72. Kf7 Qa2+ 73. Ke8 Qa8+ 74. Qd8 Qa4+ 75. Kf8 Qa3+ 76. Qe7 Qa8+ 77.
Qe8 Qa3+ 78. Kg8 Kh5 79. Qe5+ Kg4 80. Kg7 Qa6 81. Qe4 Kh5 82. Qh1+ Kg4 83. Qg2+
Kh4 84. Qg5+ Kh3 85. e4 Qb7+ 86. Kxg6 Qc6+ 87. Qf6 Qe8+ 88. Qf7 Qc6+ 89. Kg5
Kg3 90. e5 Qf3 91. e6 Qg4+ 92. Kh6 1-0

[Event "BL 1617 USV TU Dresden - Hamburger SK"]
[Site "?"]
[Date "2017.04.09"]
[Round "12.3"]
[White "Kempinski, Robert"]
[Black "Gajewski, Grzegorz"]
[Result "1/2-1/2"]
[WhiteElo "2594"]
[BlackElo "2628"]
[PlyCount "50"]
[EventDate "2017.??.??"]

1. d4 Nf6 2. c4 e6 3. Nc3 Bb4 4. Nf3 d5 5. Qb3 c5 6. dxc5 Na6 7. a3 Bxc3+ 8.
Qxc3 Nxc5 9. cxd5 Qxd5 10. Be3 Nce4 11. Qe5 Qxe5 12. Nxe5 Nd5 13. Bc1 Bd7 14.
f3 Nc5 15. e4 Nb3 16. Rb1 Nb6 17. Be3 Rc8 18. Nxd7 Kxd7 19. Be2 Ke7 20. O-O
Rhd8 21. Rfd1 Rxd1+ 22. Bxd1 Nc4 23. Bg5+ f6 24. Bxb3 fxg5 25. Rc1 b5 1/2-1/2

[Event "BL 1617 USV TU Dresden - Hamburger SK"]
[Site "?"]
[Date "2017.04.09"]
[Round "12.4"]
[White "Paehtz, Elisabeth"]
[Black "Miton, Kamil"]
[Result "1/2-1/2"]
[WhiteElo "2454"]
[BlackElo "2619"]
[PlyCount "59"]
[EventDate "2017.??.??"]

1. e4 c6 2. d4 d5 3. Nc3 dxe4 4. Nxe4 Bf5 5. Ng3 Bg6 6. h4 h6 7. Nf3 e6 8. h5
Bh7 9. Bd3 Bxd3 10. Qxd3 Nf6 11. Bf4 c5 12. Ne4 Nc6 13. Nxf6+ gxf6 14. O-O-O
cxd4 15. Nxd4 Qxd4 16. Qxd4 Nxd4 17. Rxd4 Bc5 18. Rd2 Rd8 19. Rf1 e5 20. Re2
Rd5 21. Bd2 Kd7 22. f4 exf4 23. Rxf4 Rxh5 24. b4 Bb6 25. Rxf6 Rh1+ 26. Re1
Rxe1+ 27. Bxe1 Ke8 28. Bd2 h5 29. Rh6 Rxh6 30. Bxh6 1/2-1/2

[Event "BL 1617 USV TU Dresden - Hamburger SK"]
[Site "?"]
[Date "2017.04.09"]
[Round "12.5"]
[White "Ernst, Sipke"]
[Black "Vogel, Roven"]
[Result "0-1"]
[WhiteElo "2541"]
[BlackElo "2462"]
[PlyCount "112"]
[EventDate "2017.??.??"]

1. Nf3 d5 2. c4 c6 3. e3 Nf6 4. Nc3 e6 5. b3 Bd6 6. Bb2 O-O 7. Qc2 e5 8. h3 e4
9. Nd4 Be5 10. Na4 Qe7 11. c5 Nfd7 12. Rc1 f5 13. g3 Bc7 14. h4 Ne5 15. Be2
Nbd7 16. b4 Nf6 17. Qb3 Nfg4 18. Rf1 Nh2 19. Rh1 Nhg4 20. Rf1 Bd7 21. Kd1 Kh8
22. b5 cxb5 23. Nc3 Nc4 24. Nxd5 Qxc5 25. Bxc4 bxc4 26. Nxc7 Qxc7 27. Rxc4 Qd8
28. Qc3 Rf6 29. Rc5 b6 30. Rc7 Ne5 31. Ke2 Nd3 32. Ba1 Nc5 33. Rxc5 bxc5 34.
Qxc5 Rc8 35. Qa3 Qb6 36. Rc1 Qa6+ 37. Qxa6 Rxa6 38. Rb1 Rb6 39. Rg1 Kg8 40. Bc3
Rxc3 41. dxc3 Rb2+ 42. Kf1 f4 43. Rh1 f3 44. Kg1 h5 45. c4 Rxa2 46. c5 a5 47.
c6 Bg4 48. Nb5 a4 49. Nc3 Ra1+ 50. Kh2 Rxh1+ 51. Kxh1 a3 52. Kg1 Kf7 53. Kf1
Be6 54. c7 Ke7 55. Ke1 Kd7 56. Kd2 a2 0-1

[Event "BL 1617 USV TU Dresden - Hamburger SK"]
[Site "?"]
[Date "2017.04.09"]
[Round "12.6"]
[White "Neef, Maximilian"]
[Black "Ftacnik, Lubomir"]
[Result "1-0"]
[WhiteElo "2438"]
[BlackElo "2554"]
[PlyCount "103"]
[EventDate "2017.??.??"]

1. Nf3 Nf6 2. g3 d5 3. Bg2 g6 4. b3 Bg7 5. Bb2 O-O 6. c4 c6 7. O-O a5 8. d3
Nbd7 9. Nbd2 a4 10. Qc2 a3 11. Bc3 Re8 12. d4 b5 13. cxb5 cxb5 14. Bb4 Qb6 15.
Rac1 e6 16. Qc7 Bf8 17. Bxf8 Kxf8 18. Qxb6 Nxb6 19. Rc6 Nfd7 20. Rfc1 Ba6 21.
e3 b4 22. Ne1 Reb8 23. Bf1 Bxf1 24. Kxf1 Nc8 25. Nd3 Ne7 26. Rc7 Ke8 27. g4 g5
28. Nf3 f6 29. Nc5 Nxc5 30. R1xc5 Rb6 31. Ne1 Rab8 32. Ra5 R8b7 33. Ra8+ Kf7
34. Rxb7 Rxb7 35. Nd3 Nc6 36. Rh8 Kg6 37. Rc8 Na7 38. Ra8 Nb5 39. Rc8 Nd6 40.
Rc6 Ne4 41. Ke1 h5 42. gxh5+ Kxh5 43. f3 Nc3 44. Nxb4 Nxa2 45. Nxa2 Rxb3 46.
Nc3 Rb1+ 47. Kd2 Rh1 48. Kd3 Rxh2 49. Rxe6 a2 50. Ra6 Rf2 51. Rxa2 Rxf3 52.
Nxd5 1-0

[Event "BL 1617 USV TU Dresden - Hamburger SK"]
[Site "?"]
[Date "2017.04.09"]
[Round "12.7"]
[White "Kollars, Dmitrij"]
[Black "Moehn, Hans"]
[Result "0-1"]
[WhiteElo "2500"]
[BlackElo "2382"]
[PlyCount "100"]
[EventDate "2017.??.??"]

1. e4 d5 2. exd5 Qxd5 3. Nc3 Qd8 4. d4 Nf6 5. Nf3 Bg4 6. h3 Bxf3 7. Qxf3 c6 8.
Be3 e6 9. Bd3 Nbd7 10. O-O g6 11. Ne4 Nxe4 12. Bxe4 Bg7 13. c4 Nf6 14. Bc2 O-O
15. Rfd1 Qb6 16. Bb3 Qa5 17. Bd2 Qf5 18. Qxf5 gxf5 19. d5 Ne4 20. Rab1 Bd4 21.
Be1 c5 22. Kf1 e5 23. Bc2 Nd6 24. Bd3 a5 25. Be2 Rfb8 26. Rd3 Kf8 27. Rg3 a4
28. Rg5 f6 29. Rh5 Kg7 30. g4 f4 31. h4 h6 32. f3 f5 33. b4 axb3 34. Rxb3 Ra6
35. Bd3 e4 36. Bb1 fxg4 37. fxg4 Rh8 38. a3 Rha8 39. Bd2 Rxa3 40. Rb6 Rf3+ 41.
Ke1 Ra6 42. Rxd6 Rxd6 43. Bxe4 Rf2 44. Bc2 Rg2 45. g5 hxg5 46. Rxg5+ Rxg5 47.
hxg5 f3 48. Bf4 Ra6 49. Bd3 f2+ 50. Ke2 Ra2+ 0-1

[Event "BL 1617 USV TU Dresden - Hamburger SK"]
[Site "?"]
[Date "2017.04.09"]
[Round "12.8"]
[White "Hoffmann, Paul"]
[Black "Carlstedt, Jonathan"]
[Result "1-0"]
[WhiteElo "2386"]
[BlackElo "2450"]
[PlyCount "185"]
[EventDate "2017.??.??"]

1. e4 e5 2. Bc4 Nf6 3. d3 c6 4. Nf3 Be7 5. O-O d6 6. a4 Bg4 7. Nbd2 Nbd7 8. Re1
O-O 9. h3 Bh5 10. g4 Bg6 11. Nf1 d5 12. exd5 cxd5 13. Ba2 e4 14. dxe4 dxe4 15.
Nh4 Ne5 16. f4 Nfxg4 17. Nxg6 Nf3+ 18. Kg2 hxg6 19. hxg4 Bh4 20. Bd2 Qd7 21.
Kh3 Bxe1 22. Bxe1 Qc7 23. Bg3 Rad8 24. Bd5 Qb6 25. c4 Qxb2 26. Ne3 Qc3 27. Qc1
Qd3 28. Ra3 Qe2 29. Ng2 Rfe8 30. Re3 Qd2 31. Qxd2 Nxd2 32. Be1 Nf1 33. Re2 e3
34. Nh4 Nd2 35. Bxd2 exd2 36. Rxd2 Re3+ 37. Kg2 Kf8 38. Ra2 b6 39. Nf3 Rd6 40.
Kf2 Re7 41. g5 f6 42. Ra1 Ke8 43. Rh1 Kd7 44. Rh8 a6 45. Rb8 Kc7 46. Rb7+ Kd8
47. Rb8+ Kc7 48. Rb7+ Kd8 49. Rxe7 Kxe7 50. Nd4 Rd7 51. Ke3 Kd6 52. Nb3 Re7+
53. Kd4 Re1 54. Be4 fxg5 55. fxg5 a5 56. Bxg6 Rg1 57. Nd2 Rd1 58. Kc3 Rc1+ 59.
Bc2 Ke5 60. g6 Rh1 61. c5 bxc5 62. Nc4+ Kd5 63. Nxa5 Rh3+ 64. Bd3 Rg3 65. Nc4
Kc6 66. Nd2 Rg4 67. a5 Rg3 68. a6 Kb6 69. Nb3 Rg4 70. Nd2 Rg3 71. Kc2 Ka7 72.
Nf1 Rh3 73. Kd2 Rf3 74. Ne3 Rf6 75. Kc3 Rd6 76. Ng4 Rd5 77. Nh2 Rd6 78. Nf3 Re6
79. Kc4 Kb6 80. Kd5 Re7 81. Ne5 Re8 82. Nd7+ Ka7 83. Kxc5 Re3 84. Kd4 Re6 85.
Kd5 Re3 86. Ne5 Re1 87. Kd6 Re3 88. Bc4 Rg3 89. Nc6+ Kb6 90. Ne7 Rg4 91. Nc8+
Ka5 92. a7 Rxg6+ 93. Be6 1-0

[Event "BL 1617 SV Hockenheim - MSA Zugzwang"]
[Site "?"]
[Date "2017.04.09"]
[Round "12.1"]
[White "Bromberger, Stefan"]
[Black "Howell, David W L"]
[Result "0-1"]
[WhiteElo "2510"]
[BlackElo "2684"]
[PlyCount "86"]
[EventDate "2017.??.??"]

1. e4 c6 2. d4 d5 3. e5 Bf5 4. Nf3 e6 5. Be2 Ne7 6. O-O Ng6 7. Nbd2 Nf4 8. c4
Be7 9. Re1 Nxe2+ 10. Qxe2 h6 11. b3 a5 12. Nf1 Qb6 13. Ne3 Bh7 14. Bd2 Na6 15.
Bc3 O-O 16. Qd2 Nc7 17. Rad1 Qa6 18. h3 b6 19. a4 Rfd8 20. Qc1 Qb7 21. Ng4 Rd7
22. Qf4 Ne8 23. Re3 Qc7 24. Qg3 Kh8 25. cxd5 Rxd5 26. Rc1 Ba3 27. Ra1 Be7 28.
Rc1 Rad8 29. Bb2 Bb4 30. Re2 Bd3 31. Re3 Bh7 32. Re2 R5d7 33. Bc3 Ba3 34. Bb2
Bb4 35. Bc3 Bf8 36. Ne3 Qb8 37. Bb2 c5 38. Ba3 Nc7 39. dxc5 Na6 40. Nc4 Nxc5
41. Nd6 Nxb3 42. Rc6 Nc5 43. Nd4 Bxd6 0-1

[Event "BL 1617 SV Hockenheim - MSA Zugzwang"]
[Site "?"]
[Date "2017.04.09"]
[Round "12.2"]
[White "Buhmann, Rainer"]
[Black "Kindermann, Stefan"]
[Result "1-0"]
[WhiteElo "2609"]
[BlackElo "2509"]
[PlyCount "93"]
[EventDate "2017.??.??"]

1. d4 d5 2. c4 c6 3. Nf3 Nf6 4. Nc3 a6 5. e3 Bf5 6. Ne5 Nbd7 7. Qb3 Qc7 8. cxd5
Nxe5 9. dxe5 Nxd5 10. Nxd5 cxd5 11. Bd2 Qxe5 12. Rc1 Bd7 13. Bc3 Qc7 14. Qxd5
e6 15. Qg5 h6 16. Qg3 Qxg3 17. hxg3 Rc8 18. Rd1 f6 19. Bd3 Bc5 20. Be4 Bc6 21.
Bxc6+ Rxc6 22. g4 Rf8 23. Ke2 Rf7 24. Rd3 Rd7 25. Rxd7 Kxd7 26. g5 hxg5 27. Rh7
Be7 28. Rxg7 Ke8 29. Rg8+ Kf7 30. Rb8 Rc7 31. f3 Rd7 32. g4 e5 33. Rh8 Ke6 34.
Rh7 Bc5 35. Rxd7 Kxd7 36. f4 Ke6 37. fxg5 fxg5 38. Kd3 Kd5 39. e4+ Ke6 40. Kc4
Be3 41. a4 Kd6 42. b4 Bb6 43. b5 axb5+ 44. Kxb5 Bd8 45. Bd2 Kd7 46. Kc5 Ke6 47.
Be3 1-0

[Event "BL 1617 SV Hockenheim - MSA Zugzwang"]
[Site "?"]
[Date "2017.04.09"]
[Round "12.3"]
[White "Mons, Leon"]
[Black "Saric, Ivan"]
[Result "1/2-1/2"]
[WhiteElo "2479"]
[BlackElo "2609"]
[PlyCount "120"]
[EventDate "2017.??.??"]

1. d4 Nf6 2. Nf3 g6 3. Nbd2 c5 4. dxc5 Qa5 5. a3 Qxc5 6. b4 Qc7 7. Bb2 Bg7 8.
c4 O-O 9. e3 b6 10. Be2 Bb7 11. O-O d6 12. Qb3 Nbd7 13. Bc3 Rac8 14. Rfc1 Rfd8
15. Qb2 e5 16. a4 Re8 17. Qa3 a5 18. Rab1 Bc6 19. bxa5 bxa5 20. c5 dxc5 21. Nc4
Ra8 22. Bxe5 Nxe5 23. Ncxe5 Rxe5 24. Nxe5 Qxe5 25. Qxc5 Bd5 26. Bf3 Bf8 27. Qc3
Qxc3 28. Rxc3 Bb4 29. Rc2 Bxf3 30. gxf3 Rd8 31. Kf1 Rd3 32. Ra1 Nd5 33. Ke2 Rb3
34. f4 Nc3+ 35. Kf3 Kg7 36. h4 h5 37. f5 Rb1 38. Rxb1 Nxb1 39. fxg6 Kxg6 40.
Rc6+ Kg7 41. e4 Nc3 42. e5 Nxa4 43. e6 fxe6 44. Rxe6 Nc3 45. Ke3 a4 46. Kd3 Nd1
47. f3 a3 48. Kc2 Nf2 49. Kb3 Bf8 50. Re5 Kg6 51. Re8 Bc5 52. Kc4 a2 53. Re6+
Kf5 54. Ra6 Be7 55. Rxa2 Bxh4 56. Ra5+ Kg6 57. Kd4 Bg5 58. Ra2 Nh3 59. Ke4 h4
60. Rh2 Nf4 1/2-1/2